NBA Odd One Out Quiz - Statistics

General Stats
  • This quiz has been taken 70 times
  • The average score is 37 of 45
Answer Stats
Question Tile Select % Correct
Which player never played for the Minnesota Timberwolves? Anthony Edwards No
97%
Which player never played for the Minnesota Timberwolves? Karl Anthony-Towns No
97%
Which player never played for the Charlotte Hornets? LaMelo Ball No
97%
Which player never played for the Charlotte Hornets? Miles Bridges No
97%
Which player never played for the Minnesota Timberwolves? Rudy Gobert No
97%
Which player never played for the Charlotte Hornets? Kemba Walker No
95%
Which player never played for the Charlotte Hornets? Mason Plumlee No
95%
Which player never played for the Minnesota Timberwolves? Mike Conley No
95%
Which player never played for the Charlotte Hornets? Brandon Miller No
94%
Which player never played for the Minnesota Timberwolves? Corey Brewer No
94%
Which player never played for the Minnesota Timberwolves? Julius Randle No
94%
Which player never played for the Charlotte Hornets? Bismarck Biyombo No
92%
Which player never played for the Charlotte Hornets? Chris Paul No
92%
Which player never played for the Minnesota Timberwolves? Kevin Love No
92%
Which player never played for the Houston Rockets? Jalen Green No
90%
Which player never played for the Minnesota Timberwolves? Nickel Alexander-Walker No
90%
Which player never played for the Houston Rockets? Alperen Sengun No
89%
Which player never played for the Houston Rockets? Amen Thompson No
89%
What player never played for the Oklahoma City Thunder? Chet Holmgren No
87%
Which player never played for the Houston Rockets? Clint Capela No
87%
Which player never played for the Charlotte Hornets? Grant Williams No
87%
Which player never played for the Minnesota Timberwolves? Ausar Thompson Yes
85%
Which player never played for the Houston Rockets? Jae'Sean Tate No
85%
What player never played for the Oklahoma City Thunder? Jalen Williams No
85%
What player never played for the Oklahoma City Thunder? James Harden No
85%
What player never played for the Oklahoma City Thunder? Russell Westbrook No
85%
Which player never played for the Houston Rockets? Trevor Ariza No
85%
What player never played for the Oklahoma City Thunder? Isaiah Hartenstein No
84%
Which player never played for the Houston Rockets? Tari Eason No
84%
What player never played for the Oklahoma City Thunder? Gary Payton No
81%
What player never played for the Oklahoma City Thunder? Jaylin Williams Asian Duke Dennis No
81%
What player never played for the Oklahoma City Thunder? Shawn Kemp No
81%
Which player never played for the Charlotte Hornets? Josh Hart Yes
79%
Which player never played for the Houston Rockets? Kyle Lowry No
71%
Which player never played for the New York Knicks? Jalen Brunson No
69%
Which player never played for the New York Knicks? Josh Hart No
69%
Which player never played for the New York Knicks? Karl Anthony-Towns No
68%
What player never played for the Oklahoma City Thunder? Amar'e Stoudemire Yes
66%
Which player never played for the New York Knicks? Cameron Payne No
66%
Which player never played for the New York Knicks? Latrell Sprewell No
65%
Which player never played for the Houston Rockets? Mike Conley Yes
65%
Which player never played for the New York Knicks? Miles "Deuce" McBride No
65%
Which player never played for the New York Knicks? Walt Frazier No
65%
Which player never played for the New York Knicks? Tyler Kolek No
60%
Which player never played for the New York Knicks? Deni Avdija Yes
52%
No matching quizzes found
Score Distribution
Percent of People with Each Score
Percentile by Number Answered
Your Score History
You have not taken this quiz